000 01321nmm a2200481 a 4500
003 AR-BaBNM
005 20251128211736.0
008 286020s2006 ||||||||||||||000 | spa||
020 _a987-591-030-9
040 _cAR-BaBNM
100 1 _aBrigido, Ana María
245 1 0 _aSociología de la educación
_btemas y perspectivas fundamentales
250 _a1ª ed.
260 _aCórdoba
_bEditorial Brujas
_c2006
300 0 _a326 p.
504 _aContiene bibliografía p. 313-320
600 1 4 _aSaint-Simon, Claude Henri de
600 1 4 _aComte, Auguste
600 1 4 _aMarx, Karl
600 1 4 _aDurkheim, Emile
600 1 4 _aMannheim, Karl
600 1 4 _aParsons, Talcott
600 1 4 _aBourdieu, Pierre
600 1 4 _aPasseron, Jean-Claude
600 1 4 _aBernstein, Basil
600 1 4 _aYoung, Michael F.
600 1 4 _aEsland, Geoffrey
600 1 4 _aEggleston, John
650 4 _aSOCIOLOGIA DE LA EDUCACION
650 4 _aPOSITIVISMO
650 4 _aMARXISMO
650 4 _aFUNCIONALISMO
650 4 _aPAPEL DE LA ESCUELA
650 4 _aROL DEL DOCENTE
650 4 _aSOCIALIZACION
651 4 _aArgentina
653 _aTEORIAS CRITICAS
653 0 _aTEORIA DEL CURRICULUM
653 0 _aTEORIAS REPRODUCTIVISTAS
653 0 _aSISTEMA EDUCATIVO
942 _cBK
998 _cme-solo cat
999 _c20915
_d20915